Cartilla laboral 2016

Bibliographic Details
Main Author: Sabogal Bernal, Edinson
Format: Book
Language:Spanish
Published: Colombia ECOE 2016
Subjects:
Online Access:Acceso restringido

MARC

LEADER 00000nam a22000007a 4500
005 20160316121622.0
007 cr|||| ||u|
008 160316s2016 co ||||| |||| 00||0|spa d
020 |a 978-958-771-310-7 
035 |a 14016 
040 |a vLex  
090 |c 5964  |d 5964 
100 1 |a Sabogal Bernal, Edinson  
245 1 0 |a Cartilla laboral 2016  |h [Recurso electrn̤ico] /  |c Edinson Sabogal Bernal  
256 |a Servicio en ln̕ea 
260 |a Colombia   |b ECOE  |c 2016 
300 |a 1 recurso electrn̤ico  
500 |a Los problemas surgidos en una relacin̤ laboral obedecen a que una o ambas partes desconocen la ley, malinterpretan su contenido o la aplican incorrectamente. Esta obra busca que el trabajador, el empleador e incluso el asesor conozcan los principios bs̀icos de la relacin̤ laboral en Colombia para evitar con ello problemas entre las partes o minimizarlos, aportando a la bs︢queda de soluciones fundamentadas en la ley. Cartilla laboral 2016 est ̀redactada en un lenguaje sencillo incluso para aquellos sin formacin̤ jurd̕ica y abarca los aspectos generales de una relacin̤ laboral: el contrato de trabajo, el periodo de prueba, la jornada de trabajo, los tipos de remuneracin̤, las prestaciones sociales, la seguridad social, el reglamento de trabajo y los aportes parafiscales. La cartilla contiene las l︢timas normas expedidas sobre legislacin̤ laboral (Decretos 1072 y 2353 de 2015). Con esta obra se pretende llevar la esencia de la legislacin̤ laboral colombiana a estudiantes, personal administrativo, gerentes y profesionales independientes que pudieren necesitarla en empresas ya establecidas o proyectos de emprendimiento. En el complemento virtual del libro (disponible en el Sistema de Informacin̤ en Ln̕ea – SIL) los lectores encontrarǹ las reglamentaciones y reformas expedidas durante el aǫ sobre el tema. 
506 1 |a Contenido solo disponible en los productos indicados   |d vLex Global  |d vLex Global (Academic Edition, excluding Law Schools)  |d vLex Global (U.S. Academic Edition, Law Schools)  |d vLex Global (U.S. Academic Edition, excluding Law Schools)  |d vLex Global (Academic Edition, Law Schools) 
650 0 4 |a Derecho del trabajo  |z Colombia  
740 0 |a vLex libros (servicio en ln̕ea)  
856 4 0 |u http://vlex.com/source/cartilla-laboral-2016-14016  |z Acceso restringido  
942 |c BOOK 
999 0 |a Labor laws and legislation  |b Colombia